000
00288nam a2200121Ia 4500
008
220120s9999||||xx |||||||||||||| ||und||
082
_a
621.382 MUR
100
_a
Murthy, Krishna
_9
11362
245
0
_a
Electrical electronics
260
_b
New Delhi
300
_b
0
650
_a
MATHEMATICS
999
_c
136254
_d
136254